Lettres de la marquise du Deffand à Horace Walpole (1766-1780) / (Record no. 48445)

MARC details
000 -LEADER
campo de control de longitud fija 00680nam a2200181 i 4500
001 - NÚMERO DE CONTROL
campo de control 48445
003 - IDENTIFICADOR DE NÚMERO DE CONTROL
campo de control ES-MaACL
005 - FECHA Y HORA DE LA ÚLTIMA TRANSACCIÓN
campo de control 20251215190802.0
007 - CAMPO FIJO DE DESCRIPCIÓN FÍSICA--INFORMACIÓN GENERAL
campo de control de longitud fija t|
008 - DATOS DE LONGITUD FIJA--INFORMACIÓN GENERAL
campo de control de longitud fija 030820s1912 fr ||||1| fre d
100 1# - ENTRADA PRINCIPAL--NOMBRE DE PERSONA
Nombre de persona Du Deffand, Marie de Vichy-Chamrond
Títulos y otros términos asociados al nombre Marquise.
9 (RLIN) 45705
245 10 - MENCIÓN DEL TÍTULO
Título Lettres de la marquise du Deffand à Horace Walpole (1766-1780) /
Mención de responsabilidad, etc. publiées... avec une introduction des notes et une table des noms par Mrs. Paget Toynbee.
260 ## - PUBLICACIÓN, DISTRIBUCIÓN, ETC.
Lugar de publicación, distribución, etc. London :
Nombre del editor, distribuidor, etc. [s.n.],
Fecha de publicación, distribución, etc. 1912 (
Lugar de fabricación/manufactura Edinburgh :
Fabricante Ballantyne, Hanson & Cie)
300 ## - DESCRIPCIÓN FÍSICA
Extensión 3 v. ;
Dimensiones 23 cm.
700 1# - ENTRADA AGREGADA--NOMBRE PERSONAL
Nombre de persona Toynbee, Paget Jackson,
Fechas asociadas al nombre 1855-1932
9 (RLIN) 111195
852 ## - LOCALIZACIÓN
Ubicación ES-MaACL
Número de control de estantería F-7853-55
Holdings
Estatus retirado Estado de pérdida Estado de daño No para préstamo Biblioteca de origen Biblioteca actual Ubicación en estantería Fecha de adquisición Fuente de adquisición Total de préstamos Signatura topográfica completa Código de barras Visto por última vez Precio de reemplazo Tipo de ítem Koha
        Biblioteca del Ateneo de Madrid Biblioteca del Ateneo de Madrid Sala Pecera Planta 2 17/01/2008     F-7853-55 1050983 23/02/2023 23/02/2023 Libro impreso